Hướng tới những lý giải khoa học về văn học Việt Nam trong bối cảnh giao lưu và hội nhập quốc tế /

Spremljeno u:
Bibliografski detalji
Glavni autor: Phan Trọng Thưởng.
Format: Članak
Jezik:Vietnamese
Teme:
Oznake: Dodaj oznaku
Bez oznaka, Budi prvi tko označuje ovaj zapis!
Thư viện lưu trữ: Thư viện Trường Đại học Đà Lạt
LEADER 00907nam a2200289 4500
001 DLU090068902
005 ##20090522
040 # # |a DLU  |b vie 
041 # # |a vie 
044 # # |a vn 
100 # # |a Phan Trọng Thưởng. 
245 # # |a Hướng tới những lý giải khoa học về văn học Việt Nam trong bối cảnh giao lưu và hội nhập quốc tế /  |c Phan Trọng Thưởng. 
653 # # |a Giao lưu văn hóa 
653 # # |a Hội nhập quốc tế 
653 # # |a Văn học thế giới 
653 # # |a Văn học Việt Nam 
773 # # |t Nghiên cứu văn học  |g Số 12, 2006, tr. 4-8 
920 # # |a Phòng Tạp chí -- Trung tâm Thông tin - Thư viện Trường Đại học Đà Lạt 
933 # # |a VH 
994 # # |a DLU 
900 # # |a True 
911 # # |a Hoàng Thị Huyền 
925 # # |a G 
926 # # |a A 
927 # # |a BB 
980 # # |a Thư viện Trường Đại học Đà Lạt